| 000 | 00000nam 2200000zi 4500 |
| 001 | 9.954325 |
| 003 | CaOODSP |
| 005 | 20250924095244 |
| 006 | m o d f |
| 007 | cr cn||||||||| |
| 008 | 250820t20252025onca obs f000 0 eng d |
| 020 | |a9780660785769 |
| 040 | |aCaOODSP|beng|erda|cCaOODSP |
| 043 | |an-cn--- |
| 045 | |ax9y2 |
| 086 | 1 |aCS11-627/2025-45E-PDF |
| 245 | 00|aCanada's most popular baby names in 2024. |
| 264 | 1|a[Ottawa] : |bStatistics Canada = Statistique Canada, |c[2025] |
| 264 | 4|c©2025 |
| 300 | |a1 online resource (1 page) : |bcolour illustrations |
| 336 | |atext|btxt|2rdacontent |
| 337 | |acomputer|bc|2rdamedia |
| 338 | |aonline resource|bcr|2rdacarrier |
| 500 | |aIssued also in French under title: Les prénoms de bébé les plus populaires au Canada en 2024. |
| 500 | |a"Catalogue number: 11-627-M." |
| 504 | |aIncludes bibliographical references. |
| 520 | |a"This infographic presents selected results from the latest update of the "Baby Names Observatory", based on births vital statistics. It presents the top 10 most popular baby names in 2024 for boys and girls, the names within the top 100 that registered the biggest popularity gains between 2023 and 2024, and other trends in baby names"--Provided by publisher. |
| 650 | 5|aNames, Personal|zCanada|vStatistics. |
| 655 | 7|aStatistics|2lcgft |
| 655 | 7|aInfographics|2lcgft |
| 710 | 2 |aStatistics Canada, |eissuing body. |
| 775 | 08|tLes prénoms de bébé les plus populaires au Canada en 2024.|w(CaOODSP)9.954326 |
| 856 | 40|qPDF|s4.42 MB|uhttps://publications.gc.ca/collections/collection_2025/statcan/11-627-m/11-627-m2025045-eng.pdf |
| 856 | 4 |qHTML|sN/A|uhttps://www150.statcan.gc.ca/n1/pub/11-627-m/11-627-m2025045-eng.htm |
| 986 | |a11-627-M |